000 00752nam a2200241Ia 4500
003 OSt
005 20220925231547.0
006 a|||||r|||| 00| 0
007 ta
008 220923b |||||||| |||| 00| 0 eng d
020 _a9679995429
037 _cGeneral Book
040 _aRTL
_cRTL
_beng
041 _2eng
_aeng
082 _aX91:77.4.N85, M5/SC
100 _aMukhopadhyay Swapna
_9138308
245 0 _aDevelopment annd diversification of rural industries in India
260 _aMalaysia
_bAsia and Pacific Development centre
_c1985
300 _a589p
_ccm.
700 _a Lim Chefpeng Ed.
_9295689
942 _hX91:77.4.N85, M5/SC
_cGB
_2CC
999 _c588857
_d588857